Úroky z úverov od spriaznených osôb budú daňovo uznateľné iba v limitovanej výške
Pravidlá nízkej kapitalizácie od roku 2015. Závislá osoba na účely pravidiel nízkej kapitalizácie. Rozhodujúci ukazovateľ na účely pravidiel nízkej kapitalizácie od r. 2015. Na koho sa budú vzťahovať pravidlá nízkej kapitalizácie. Úvery a pôžičky, na ktoré sa pravidlá nízkej kapitalizácie nevzťahujú...
Salvato in:
| Autore principale: | |
|---|---|
| Natura: | Capitolo di libro |
| Lingua: | slovacco |
| Soggetti: | |
| Tags: |
Nessun Tag, puoi essere il primo ad aggiungerne!!
|
MARC
| LEADER | 00000nla a2200000 4500 | ||
|---|---|---|---|
| 001 | 0199426 | ||
| 005 | 20240502073357.6 | ||
| 041 | 0 | |a slo | |
| 044 | |a SK | ||
| 245 | 1 | 0 | |a Úroky z úverov od spriaznených osôb budú daňovo uznateľné iba v limitovanej výške |c Norbert Seneši |
| 520 | |a Pravidlá nízkej kapitalizácie od roku 2015. Závislá osoba na účely pravidiel nízkej kapitalizácie. Rozhodujúci ukazovateľ na účely pravidiel nízkej kapitalizácie od r. 2015. Na koho sa budú vzťahovať pravidlá nízkej kapitalizácie. Úvery a pôžičky, na ktoré sa pravidlá nízkej kapitalizácie nevzťahujú. Pravidlá nízkej kapitalizácie na Slovensku v minulosti. | ||
| 610 | 2 | 0 | |a kapitalizácia |
| 610 | 2 | 0 | |a úver |
| 610 | 2 | 0 | |a pôžičky |
| 610 | 2 | 0 | |a úrok |
| 610 | 2 | 0 | |a základ dane |
| 610 | 2 | 0 | |a dane z príjmov |
| 610 | 2 | 0 | |a legislatíva |
| 100 | 1 | |a Seneši, Norbert | |